000 00942nam a2200301 b 4500
001
003 DO-SdBNP
005 20170113145106.0
008 930323s1989 sp | |||| ||spa d
016 7 _a
_z
_2BPMSU
017 _a
_b
020 _a8424133099
035 _a(OCoLC)
040 _aBPMSU
_bspa
_cBPMSU
041 1 _aspa
_hita
080 4 _a
100 1 _aDalmais, Anne-Marie
_d1942-
245 1 0 _aDesayunando con la abuelita Gata /
_h
_cAnne-Marie Dalmais ; ilustraciones de Annie Bonhomme ;traducción, Francisco Martínez García
260 _aMadrid :
_bEverest,
_c1989
300 _a14, [2] p.:
_bil. ;
_c29 cm
490 _aLos cuentos de las horas
_vhora 9
500 4 _aTraducción de : A colazione da nonna Gattaiola
700 1 _aBonhomme, Annie
700 1 _aMartínez García, Francisco
830 _aLos cuentos de las horas
_vhora 9
942 _2ddc
_cBK
956 _a VMATEO
_b10
_c20170113
_dBPMSU
_f0069
999 _c12461
_d12461